Central Library OPAC University of Rajshahi

গৃহপালিত পশুর সংক্রামক রোগতত্ত্ব / (Record no. 47650)

MARC details
000 -LEADER
fixed length control field 00885nam a22002417a 4500
001 - CONTROL NUMBER
control field 47650
003 - CONTROL NUMBER IDENTIFIER
rucl marc code BD-RjUL
005 - DATE AND TIME OF LATEST TRANSACTION
control field 20211209054347.0
008 - FIXED-LENGTH DATA ELEMENTS--GENERAL INFORMATION
fixed length control field 160809s1985 bg ||||| |||| 00| 0 ben d
020 ## - INTERNATIONAL STANDARD BOOK NUMBER
Terms of availability : TK 130.00
035 ## - SYSTEM CONTROL NUMBER
System control number (BD-RjUL) 47769
040 ## - CATALOGING SOURCE
Original cataloging agency BD-RjUL
Language of cataloging ben
Transcribing agency BD-RjUL
041 ## - LANGUAGE CODE
Language code of text/sound track or separate title ben
082 ## - DEWEY DECIMAL CLASSIFICATION NUMBER
Edition number 23
Classification number 636.0896
Author mark and year RAG 1985
100 ## - MAIN ENTRY--PERSONAL NAME
Personal name রহমান, আব্দুর
9 (RLIN) 116670
245 10 - TITLE STATEMENT
Title গৃহপালিত পশুর সংক্রামক রোগতত্ত্ব /
Statement of responsibility, etc. আব্দুর রহমান
260 ## - PUBLICATION, DISTRIBUTION, ETC. (IMPRINT)
Place of publication, distribution, etc. ঢাকা :
Name of publisher, distributor, etc. বাংলা একডেমি,
Date of publication, distribution, etc. ১৯৮৫
300 ## - PHYSICAL DESCRIPTION
Pagination খণ্ড :
Illustrations চিত্র ;
Size ২১ সেমি.
505 0# - FORMATTED CONTENTS NOTE
Formatted contents note খণ্ড ১ -- খণ্ড ২ --
650 ## - SUBJECT ADDED ENTRY--TOPICAL TERM
Topical term or geographic name as entry element সংক্রামক রোগ
9 (RLIN) 144800
Topical term or geographic name as entry element Viral Diseases
9 (RLIN) 144801
942 ## - ADDED ENTRY ELEMENTS (KOHA)
Source of classification or shelving scheme Dewey Decimal Classification
Koha item type Books
Holdings
Lost status Source of classification or shelving scheme Damaged status Not for loan Collection code Permanent Location Current Location Shelving location Date acquired Source of acquisition Total Checkouts Full call number Date last seen Copy number Koha item type Cost, normal purchase price
  Dewey Decimal Classification     Non-fiction Central Library, University of Rajshahi Central Library, University of Rajshahi   14/10/1992 Bangla Academy, Dhaka   B 636.0896 RAG V-2 1985 09/08/2016 C-2 Books  
  Dewey Decimal Classification     Non-fiction Central Library, University of Rajshahi Central Library, University of Rajshahi   14/10/1992 Bangla Academy, Dhaka   B 636.0896 RAG V-2 1985 09/08/2016 C-3 Books  
  Dewey Decimal Classification     Non-fiction Central Library, University of Rajshahi Central Library, University of Rajshahi   14/10/1992 Bangla Academy, Dhaka   B 636.0896 RAG V-2 1985 09/08/2016 C-4 Books  
  Dewey Decimal Classification     Non-fiction Central Library, University of Rajshahi Central Library, University of Rajshahi   11/10/1992 Bangla Academy, Dhaka   B 636.0896 RAG V-1 1985 18/08/2016 C-2 Books  
  Dewey Decimal Classification     Non-fiction Central Library, University of Rajshahi Central Library, University of Rajshahi   11/10/1992 Bangla Academy, Dhaka   B 636.0896 RAG V-1 1985 29/08/2016 C-5 Books 140.00
  Dewey Decimal Classification     Non-fiction Central Library, University of Rajshahi Central Library, University of Rajshahi   11/10/1992 Bangla Academy, Dhaka   B 636.0896 RAG V-1 1985 29/08/2016 C-6 Books 140.00
  Dewey Decimal Classification     Non-fiction Central Library, University of Rajshahi Central Library, University of Rajshahi   26/10/1987 Bangla Academy, Dhaka   B 636.0896 RAG V-2 1985 26/09/2016 C-5 Books 140.00
  Dewey Decimal Classification     Non-fiction Central Library, University of Rajshahi Central Library, University of Rajshahi   26/10/1987 Bangla Academy, Dhaka   B 636.0896 RAG V-2 1985 02/10/2016 C-6 Books 130.00
  Dewey Decimal Classification     Non-fiction Central Library, University of Rajshahi Central Library, University of Rajshahi   26/10/1987 Bangla Academy, Dhaka.   B 636.0896 RAG V-1 1985 20/12/2016 C-7 Books 140.00
  Dewey Decimal Classification   Not For Loan Non-fiction Central Library, University of Rajshahi Central Library, University of Rajshahi Reading Room 26/10/1987 Dhaka, Bangla Academy   B 636.0896 RAG V-2 1985 23/04/2017 C-1 Books 130.00
  Dewey Decimal Classification   Not For Loan Non-fiction Central Library, University of Rajshahi Central Library, University of Rajshahi Reading Room 26/10/1987 Dhaka, Bangla Academy   B 636.0896 RAG V-1 1985 03/05/2017 C-1 Books 140.00
  Dewey Decimal Classification     Non-fiction Central Library, University of Rajshahi Central Library, University of Rajshahi   26/10/1987 Dhaka : Bangla Academy   B 636.0896 RAG V-1 1985 13/09/2021 C-3 Books 140.00